[Event "Titled Tuesday intern op 24th May Early"]
[Site "Chess.com INT"]
[Date "2022.05.24"]
[Round "5"]
[White "Garcia Garcia, Alejandro"]
[Black "Miszler, Levente"]
[Result "0-1"]
[WhiteElo "2264"]
[BlackElo "2243"]
[PlyCount "82"]
[EventDate "2022.05.24"]
[EventType "swiss (blitz)"]
[EventRounds "11"]
[EventCountry "USA"]
[SourceTitle "EXT 2023"]
[Source "ChessBase"]
[SourceDate "2022.10.05"]
[SourceVersion "1"]
[SourceVersionDate "2022.10.05"]
[SourceQuality "1"]

1. Nf3 Nf6 2. g3 g6 3. Bg2 Bg7 4. 0-0 0-0 5. c4 d6 6. Nc3 e5 7. Rb1 a5 8. a3 Nc6 9. b4 axb4 10. axb4 h6 11. b5 Ne7 12. d4 exd4 13. Nxd4 Re8 14. Bb2 Nf5 15. Nd5 Nxd5 16. cxd5 Nxd4 17. Bxd4 Bxd4 18. Qxd4 Rxe2 19. Rfe1 Qe7 20. Qc3 Raa2 21. Bf3 Rac2 22. Qa5 Rxe1+ 23. Rxe1 Qf6 24. Kg2 Qd4 25. Rf1 Kg7 26. Qa8 Bf5 27. Qxb7 Qd3 28. b6 Bh3+ 29. Kxh3 Qxf1+ 30. Bg2 Qb5 31. Be4 Rc5 32. Qc8 Qxb6 33. Qd7 Qb2 34. f3 Qf6 35. Kg2 Qe5 36. h4 Rc1 37. Qb5 Qd4 38. h5 Qg1+ 39. Kh3 Qh1+ 40. Kg4 Qxh5+ 41. Kf4 Qg5# 0-1

[Event "Titled Tuesday intern op 24th May Early"]
[Site "Chess.com INT"]
[Date "2022.05.24"]
[Round "4"]
[White "Wagner, Dennis"]
[Black "Garcia Garcia, Alejandro"]
[Result "1-0"]
[WhiteElo "2586"]
[BlackElo "2264"]
[PlyCount "83"]
[EventDate "2022.05.24"]
[EventType "swiss (blitz)"]
[EventRounds "11"]
[EventCountry "USA"]
[SourceTitle "EXT 2023"]
[Source "ChessBase"]
[SourceDate "2022.10.05"]
[SourceVersion "1"]
[SourceVersionDate "2022.10.05"]
[SourceQuality "1"]

1. e4 c5 2. c3 d5 3. exd5 Qxd5 4. d4 e6 5. Nf3 Nf6 6. Na3 Nc6 7. Be3 cxd4 8. Nb5 Qd8 9. Nbxd4 Bd7 10. Bd3 Be7 11. 0-0 0-0 12. Re1 a6 13. a4 Qc7 14. Bc2 Rad8 15. Qe2 Rfe8 16. Nxc6 Bxc6 17. a5 Nd5 18. Bd4 Bf6 19. Bxf6 Nxf6 20. Ne5 Rd6 21. Nxc6 Qxc6 22. Ba4 Qc5 23. Bxe8 Nxe8 24. Qe5 Qc7 25. g3 Qd8 26. Qe4 Qd7 27. Qf3 Nf6 28. Red1 Nd5 29. c4 Nb4 30. Rxd6 Qxd6 31. Qxb7 h5 32. Qb6 Qd2 33. c5 Nd3 34. c6 Nc1 35. c7 Qe1+ 36. Kg2 Qe4+ 37. f3 Qc2+ 38. Qf2 Qxc7 39. Ra3 Qb7 40. Qc2 Qb5 41. Qxc1 Qe2+ 42. Kg1 1-0

[Event "Titled Tuesday intern op 12th Oct"]
[Site "Chess.com INT"]
[Date "2021.10.12"]
[Round "4"]
[White "Gritsenko, Nikolai"]
[Black "Garcia Garcia, Alejandro"]
[Result "1-0"]
[WhiteElo "2309"]
[BlackElo "2247"]
[PlyCount "81"]
[EventDate "2021.10.12"]
[EventType "swiss (blitz)"]
[EventRounds "11"]
[EventCountry "USA"]
[SourceTitle "EXT 2023"]
[Source "ChessBase"]
[SourceDate "2022.10.05"]
[SourceVersion "1"]
[SourceVersionDate "2022.10.05"]
[SourceQuality "1"]

1. b3 e5 2. Bb2 Bc5 3. Bxe5 Nf6 4. e3 0-0 5. Nf3 Nc6 6. Bb2 d5 7. Bb5 Bg4 8. h3 Bh5 9. d3 Nb4 10. a3 Nc6 11. Bxc6 bxc6 12. Nbd2 a5 13. g4 Bg6 14. Ne5 Qd6 15. Qe2 Bb6 16. f4 h6 17. Ndf3 Nd7 18. Nxd7 Qxd7 19. Ne5 Qd6 20. h4 Bh7 21. g5 Bf5 22. 0-0-0 a4 23. gxh6 Qxh6 24. b4 c5 25. Rdg1 cxb4 26. Rg5 bxa3 27. Ba1 f6 28. Rxf5 fxe5 29. Rg5 d4 30. Rhg1 Rf7 31. f5 Qc6 32. e4 a2 33. Qg4 Qf6 34. Rg6 Qe7 35. f6 Qa3+ 36. Kd1 Kf8 37. Rxg7 Rxg7 38. Qxg7+ Ke8 39. f7+ Kd7 40. f8Q+ Kc6 41. Qxa3 1-0

[Event "Titled Tuesday intern op 05th Oct"]
[Site "Chess.com INT"]
[Date "2021.10.05"]
[Round "7"]
[White "Cagara, Paulina"]
[Black "Garcia Garcia, Alejandro"]
[Result "0-1"]
[WhiteElo "2045"]
[BlackElo "2247"]
[PlyCount "88"]
[EventDate "2021.10.05"]
[EventType "swiss (blitz)"]
[EventRounds "11"]
[EventCountry "USA"]
[SourceTitle "CBM 204 Extra"]
[Source "ChessBase"]
[SourceDate "2021.11.30"]
[SourceVersion "1"]
[SourceVersionDate "2021.11.30"]
[SourceQuality "1"]

1. e4 c5 2. Nc3 e6 3. g3 d5 4. d3 Nc6 5. Bg2 Nf6 6. Nge2 dxe4 7. Nxe4 Nxe4 8. Bxe4 Be7 9. 0-0 0-0 10. Be3 Ne5 11. d4 cxd4 12. Bxd4 Bf6 13. f4 Ng4 14. c3 Bd7 15. h3 Bxd4+ 16. Nxd4 Ne3 17. Bxh7+ Kxh7 18. Qd3+ Nf5 19. g4 Bb5 20. Qc2 Bxf1 21. Rxf1 Qb6 22. gxf5 exf5 23. Kh2 g6 24. Nf3 Qe3 25. Ng5+ Kg7 26. Rf3 Qe1 27. Qg2 Rad8 28. Rf1 Qe3 29. Rf3 Qc1 30. Rf1 Qd2 31. Rf2 Qd5 32. Nf3 Qe4 33. Qg3 Rd3 34. h4 Rh8 35. Kh3 Qe7 36. Kg2 Re3 37. c4 Re2 38. Ne5 Rxf2+ 39. Qxf2 Qxh4 40. Qd4 Qh1+ 41. Kf2 Rh2+ 42. Ke3 Qe1+ 43. Kf3 Qe2+ 44. Kg3 Qg2# 0-1

[Event "Titled Tuesday intern op 05th Oct"]
[Site "Chess.com INT"]
[Date "2021.10.05"]
[Round "5"]
[White "Khoroshev, Nikita"]
[Black "Garcia Garcia, Alejandro"]
[Result "1-0"]
[WhiteElo "2332"]
[BlackElo "2247"]
[PlyCount "59"]
[EventDate "2021.10.05"]
[EventType "swiss (blitz)"]
[EventRounds "11"]
[EventCountry "USA"]
[SourceTitle "CBM 204 Extra"]
[Source "ChessBase"]
[SourceDate "2021.11.30"]
[SourceVersion "1"]
[SourceVersionDate "2021.11.30"]
[SourceQuality "1"]

1. e4 c5 2. Nf3 e6 3. b3 g6 4. Bb2 Nf6 5. e5 Nd5 6. c4 Nb4 7. Nc3 d5 8. exd6 Bg7 9. d4 Qxd6 10. dxc5 Qxd1+ 11. Rxd1 Nxa2 12. Nd4 Nxc3 13. Bxc3 Na6 14. b4 0-0 15. Be2 Rd8 16. 0-0 Nxb4 17. Bxb4 Bxd4 18. Bf3 Rb8 19. Rfe1 f6 20. Bc3 e5 21. Bxd4 Rxd4 22. Rxd4 exd4 23. Re8+ Kf7 24. Rh8 Kg7 25. Rd8 d3 26. h3 d2 27. Rxd2 Be6 28. Rb2 b6 29. c6 Rc8 30. Re2 1-0

[Event "Titled Tuesday intern op 28th Sept"]
[Site "Chess.com INT"]
[Date "2021.09.28"]
[Round "9"]
[White "Garcia Garcia, Alejandro"]
[Black "Maly, Alexey"]
[Result "0-1"]
[WhiteElo "2247"]
[BlackElo "2368"]
[PlyCount "74"]
[EventDate "2021.09.28"]
[EventType "swiss (blitz)"]
[EventRounds "11"]
[EventCountry "USA"]
[SourceTitle "CBM 204 Extra"]
[Source "ChessBase"]
[SourceDate "2021.11.30"]
[SourceVersion "1"]
[SourceVersionDate "2021.11.30"]
[SourceQuality "1"]

1. Nf3 c5 2. g3 Nc6 3. Bg2 g6 4. 0-0 Bg7 5. c3 e5 6. e3 Nge7 7. d4 cxd4 8. exd4 exd4 9. Nxd4 Nxd4 10. cxd4 d5 11. Nc3 0-0 12. Bg5 Be6 13. Re1 Re8 14. Qd2 Qd7 15. Rac1 Nf5 16. h4 Nxd4 17. h5 Bg4 18. h6 Nf3+ 19. Bxf3 Bxf3 20. Qd3 Qg4 21. hxg7 Rxe1+ 22. Rxe1 d4 23. Nb1 Bc6 24. Bf4 g5 25. Bd6 Rd8 26. Bc7 Qh5 27. f3 Bxf3 28. Kf2 Bc6 29. g4 Qxg4 30. Qg3 Qf5+ 31. Kg1 Rd5 32. Nd2 Kxg7 33. Re5 Rxe5 34. Qxe5+ Kg6 35. Qxd4 f6 36. Bd8 h5 37. Bc7 h4 0-1

[Event "Titled Tuesday intern op 28th Sept"]
[Site "Chess.com INT"]
[Date "2021.09.28"]
[Round "5"]
[White "Sliwicki, Damian"]
[Black "Garcia Garcia, Alejandro"]
[Result "0-1"]
[WhiteElo "2168"]
[BlackElo "2247"]
[PlyCount "90"]
[EventDate "2021.09.28"]
[EventType "swiss (blitz)"]
[EventRounds "11"]
[EventCountry "USA"]
[SourceTitle "CBM 204 Extra"]
[Source "ChessBase"]
[SourceDate "2021.11.30"]
[SourceVersion "1"]
[SourceVersionDate "2021.11.30"]
[SourceQuality "1"]

1. e4 c5 2. Nf3 e6 3. d4 cxd4 4. Nxd4 Nc6 5. Nc3 Nf6 6. Nb3 Bb4 7. Bd3 d5 8. exd5 Nxd5 9. 0-0 0-0 10. Nxd5 Qxd5 11. Qe2 Bd6 12. Rd1 Qe5 13. Bxh7+ Kxh7 14. Qd3+ Kg8 15. Qxd6 Rd8 16. Qxd8+ Nxd8 17. Rxd8+ Kh7 18. Be3 b6 19. Rad1 Bb7 20. R8d7 Qe4 21. Kf1 Qxg2+ 22. Ke1 Bf3 23. R1d4 Rc8 24. c4 Qxh2 25. Rxf7 Qg1+ 26. Kd2 Bh5 27. Rh4 Kg6 28. Rff4 Qd1+ 29. Kc3 Qe1+ 30. Nd2 Qc1+ 31. Kb3 Bd1+ 32. Ka3 Qc2 33. Nb3 b5 34. cxb5 Qc7 35. Ra4 Qd6+ 36. Rab4 a5 37. bxa6 Ra8 38. Nc5 Rxa6+ 39. Nxa6 Qxa6+ 40. Ra4 Bxa4 41. Rxa4 Qd3+ 42. b3 Kf6 43. Rf4+ Ke7 44. Rb4 Qd6 45. Ka4 Qa6# 0-1

[Event "Titled Tuesday intern op 28th Sept"]
[Site "Chess.com INT"]
[Date "2021.09.28"]
[Round "8"]
[White "Soumya, Swaminathan"]
[Black "Garcia Garcia, Alejandro"]
[Result "0-1"]
[WhiteElo "2351"]
[BlackElo "2247"]
[PlyCount "64"]
[EventDate "2021.09.28"]
[EventType "swiss (blitz)"]
[EventRounds "11"]
[EventCountry "USA"]
[SourceTitle "CBM 204 Extra"]
[Source "ChessBase"]
[SourceDate "2021.11.30"]
[SourceVersion "1"]
[SourceVersionDate "2021.11.30"]
[SourceQuality "1"]

1. e4 c5 2. Nf3 e6 3. d3 Nc6 4. g3 g6 5. Bg2 Bg7 6. 0-0 Nge7 7. Re1 e5 8. c3 0-0 9. a3 d6 10. b4 a6 11. Be3 b6 12. Nbd2 h6 13. Nc4 Be6 14. Nfd2 Rc8 15. Rb1 b5 16. Nb2 cxb4 17. axb4 d5 18. Bc5 Re8 19. Ra1 a5 20. Bxe7 Rxe7 21. exd5 Bxd5 22. Ne4 axb4 23. cxb4 Nxb4 24. Re2 f5 25. Nd2 Bxg2 26. Kxg2 Nxd3 27. Qb3+ Kh7 28. Qxd3 Rd7 29. Qe3 e4 30. Rb1 Rc3 31. Qf4 Rc2 32. Nxe4 Rxe2 0-1

[Event "Titled Tuesday intern op 21st Sept"]
[Site "Chess.com INT"]
[Date "2021.09.21"]
[Round "4"]
[White "Deuer, Marius"]
[Black "Garcia Garcia, Alejandro"]
[Result "0-1"]
[WhiteElo "2206"]
[BlackElo "2247"]
[PlyCount "86"]
[EventDate "2021.09.21"]
[EventType "swiss (blitz)"]
[EventRounds "9"]
[EventCountry "USA"]
[SourceTitle "EXT 2022"]
[Source "ChessBase"]
[SourceDate "2021.10.06"]
[SourceVersion "1"]
[SourceVersionDate "2021.10.06"]
[SourceQuality "1"]

1. d4 Nf6 2. Bg5 c5 3. d5 g6 4. Bxf6 exf6 5. Nf3 d6 6. e3 Bg7 7. Bd3 0-0 8. 0-0 a6 9. a4 h5 10. Nbd2 f5 11. c3 Nd7 12. Qb3 Nf6 13. a5 Rb8 14. Rfd1 b5 15. axb6 Rxb6 16. Qa2 Bb7 17. Bc4 Ne4 18. Nxe4 fxe4 19. Nd2 f5 20. Nb3 f4 21. exf4 Rxf4 22. Na5 Bc8 23. Nc6 Qf6 24. b3 Qxc3 25. Rac1 Qf6 26. Qa5 Rb7 27. Rc2 Rf7 28. Qd8+ Qxd8 29. Nxd8 Rf8 30. Ne6 Bxe6 31. dxe6 Re8 32. Rxd6 Bd4 33. g3 Rf6 34. Re2 Kf8 35. Rxe4 Bxf2+ 36. Kg2 Bd4 37. Rf4 Rxf4 38. gxf4 a5 39. Ra6 Bc3 40. Ra7 Re7 41. Ra8+ Kg7 42. Kf3 Kf6 43. Re8 Rxe8 0-1

[Event "Titled Tuesday intern op 21st Sept"]
[Site "Chess.com INT"]
[Date "2021.09.21"]
[Round "2"]
[White "Phillips, Rene"]
[Black "Garcia Garcia, Alejandro"]
[Result "0-1"]
[WhiteElo "1852"]
[BlackElo "2247"]
[PlyCount "118"]
[EventDate "2021.09.21"]
[EventType "swiss (blitz)"]
[EventRounds "9"]
[EventCountry "USA"]
[SourceTitle "EXT 2022"]
[Source "ChessBase"]
[SourceDate "2021.10.06"]
[SourceVersion "1"]
[SourceVersionDate "2021.10.06"]
[SourceQuality "1"]

1. Nf3 Nf6 2. d4 g6 3. Bf4 Bg7 4. e3 0-0 5. Nbd2 c5 6. c3 cxd4 7. cxd4 Nc6 8. h3 d6 9. Be2 Nd5 10. Bg3 e5 11. dxe5 dxe5 12. 0-0 Be6 13. Ne4 f6 14. Bc4 Na5 15. Nc5 Bf7 16. Be2 b6 17. Nb3 Nxb3 18. axb3 Qc7 19. Rc1 Qb7 20. Bd3 Rfd8 21. Qe2 a5 22. Bc4 Nb4 23. Rfd1 Rac8 24. Rxd8+ Rxd8 25. Rd1 Rxd1+ 26. Qxd1 Bxc4 27. bxc4 Qc7 28. b3 Bf8 29. Qd2 Qd6 30. Qxd6 Bxd6 31. Nd4 Kf7 32. Nb5 Bc5 33. Kf1 Ke6 34. Ke2 h5 35. e4 Kd7 36. f3 Kc6 37. Bh4 g5 38. Be1 Nc2 39. Bc3 Bb4 40. Bxb4 axb4 41. g4 h4 42. Kd2 Na1 43. Na7+ Kd7 44. Nb5 Nxb3+ 45. Kd3 Kc6 46. Na7+ Kc5 47. Nb5 Na5 48. Nc7 Nxc4 49. Nd5 b3 50. Nxf6 Kb4 51. Nd5+ Kc5 52. Nc3 b5 53. Ke2 Kb4 54. Nd5+ Ka3 55. Nc3 b2 56. Nxb5+ Kb4 57. Nc7 b1Q 58. Nd5+ Kc5 59. Nc3 Qc2+ 0-1

[Event "Titled Tuesday intern op 07th Sept"]
[Site "Chess.com INT"]
[Date "2021.09.07"]
[Round "4"]
[White "Garcia Garcia, Alejandro"]
[Black "Mirzoev, Azer"]
[Result "0-1"]
[WhiteElo "2247"]
[BlackElo "2449"]
[PlyCount "68"]
[EventDate "2021.09.07"]
[EventType "swiss (blitz)"]
[EventRounds "11"]
[EventCountry "USA"]
[SourceTitle "EXT 2022"]
[Source "ChessBase"]
[SourceDate "2021.10.06"]
[SourceVersion "1"]
[SourceVersionDate "2021.10.06"]
[SourceQuality "1"]

1. Nf3 Nf6 2. g3 d5 3. Bg2 c5 4. 0-0 Nc6 5. d4 e6 6. c4 dxc4 7. Ne5 Bd7 8. Na3 cxd4 9. Naxc4 Bc5 10. Qb3 0-0 11. Rd1 Rc8 12. Qxb7 Nxe5 13. Nxe5 Rb8 14. Qf3 Be8 15. b3 Nd5 16. Bb2 Qf6 17. Qxf6 gxf6 18. Ng4 f5 19. Bxd5 fxg4 20. Bc4 e5 21. Rac1 Bb5 22. Bd5 Bb6 23. Rc2 Rfd8 24. Be4 h5 25. Rdc1 Kg7 26. Kg2 Bd7 27. e3 Be6 28. exd4 Bxd4 29. Bxd4 Rxd4 30. Re2 Rxe4 31. Rxe4 Bd5 32. f3 gxf3+ 33. Kxf3 f5 34. Rc7+ Kf6 0-1

[Event "Titled Tuesday intern op 07th Sept"]
[Site "Chess.com INT"]
[Date "2021.09.07"]
[Round "5"]
[White "Schut, Han"]
[Black "Garcia Garcia, Alejandro"]
[Result "1/2-1/2"]
[WhiteElo "2101"]
[BlackElo "2247"]
[PlyCount "126"]
[EventDate "2021.09.07"]
[EventType "swiss (blitz)"]
[EventRounds "11"]
[EventCountry "USA"]
[SourceTitle "EXT 2022"]
[Source "ChessBase"]
[SourceDate "2021.10.06"]
[SourceVersion "1"]
[SourceVersionDate "2021.10.06"]
[SourceQuality "1"]

1. e4 c5 2. Nf3 e6 3. c4 Nc6 4. Nc3 Nf6 5. Be2 d5 6. exd5 exd5 7. d4 Be7 8. cxd5 Nxd5 9. Nxd5 Qxd5 10. dxc5 Qxd1+ 11. Bxd1 Bxc5 12. 0-0 0-0 13. Re1 Bf5 14. Be3 Bb4 15. Bd2 Rfe8 16. Bxb4 Nxb4 17. Bb3 Nd3 18. Rxe8+ Rxe8 19. Bd5 b6 20. b3 h6 21. Bc4 Re2 22. Nd4 Rxf2 23. Nxf5 Rxf5 24. Bxd3 Rd5 25. Rd1 Kf8 26. Kf2 Ke7 27. Ke3 Rh5 28. h3 Rg5 29. g4 h5 30. Rg1 g6 31. Ke4 hxg4 32. hxg4 Rc5 33. Bc4 f6 34. Kd4 Re5 35. Rh1 Rg5 36. Rh7+ Kd6 37. Be2 a5 38. Rb7 Rd5+ 39. Ke3 Re5+ 40. Kf3 Kc6 41. Rg7 g5 42. Rf7 Re6 43. Bc4 Rd6 44. Ke4 b5 45. Bd3 Kc5 46. Kf5 Rxd3 47. Rxf6 Rd5+ 48. Kg6 Rd2 49. Rf5+ Kb4 50. a3+ Kxb3 51. Rxb5+ Ka4 52. Rxg5 Rd6+ 53. Kf7 Ra6 54. Rf5 Kxa3 55. g5 Kb2 56. g6 a4 57. g7 Ra7+ 58. Kf8 a3 59. g8Q Ra8+ 60. Kf7 Rxg8 61. Kxg8 a2 62. Ra5 a1Q 63. Rxa1 Kxa1 1/2-1/2

[Event "Titled Tuesday intern op 17th Aug"]
[Site "Chess.com INT"]
[Date "2021.08.17"]
[Round "4"]
[White "Garcia Garcia, Alejandro"]
[Black "Malicka, Maria"]
[Result "1-0"]
[WhiteElo "2247"]
[BlackElo "2311"]
[PlyCount "65"]
[EventDate "2021.08.17"]
[EventType "swiss (blitz)"]
[EventRounds "11"]
[EventCountry "USA"]
[SourceTitle "EXT 2022"]
[Source "ChessBase"]
[SourceDate "2021.10.06"]
[SourceVersion "1"]
[SourceVersionDate "2021.10.06"]
[SourceQuality "1"]

1. Nf3 Nf6 2. g3 g6 3. Bg2 Bg7 4. 0-0 0-0 5. c4 d6 6. Nc3 c6 7. b4 d5 8. cxd5 cxd5 9. Rb1 d4 10. Na4 Nc6 11. d3 Be6 12. Qd2 Bd5 13. a3 a6 14. Bb2 e5 15. e4 dxe3 16. Qxe3 Rc8 17. Nb6 Rc7 18. Nxe5 Nxe5 19. Bxe5 Re7 20. Bxf6 Bxf6 21. Nxd5 Rxe3 22. fxe3 Bg7 23. Rbc1 Re8 24. Rc7 f5 25. Rxb7 Bh6 26. e4 Qd6 27. Kh1 f4 28. gxf4 Rf8 29. e5 Qd8 30. Nf6+ Rxf6 31. exf6 Qxf6 32. Re1 Bxf4 33. Re8+ 1-0

[Event "Titled Tuesday intern op 17th Aug"]
[Site "Chess.com INT"]
[Date "2021.08.17"]
[Round "7"]
[White "Garcia Garcia, Alejandro"]
[Black "Wagh, Suyog"]
[Result "0-1"]
[WhiteElo "2247"]
[BlackElo "2246"]
[PlyCount "112"]
[EventDate "2021.08.17"]
[EventType "swiss (blitz)"]
[EventRounds "11"]
[EventCountry "USA"]
[SourceTitle "EXT 2022"]
[Source "ChessBase"]
[SourceDate "2021.10.06"]
[SourceVersion "1"]
[SourceVersionDate "2021.10.06"]
[SourceQuality "1"]

1. Nf3 g6 2. g3 Bg7 3. Bg2 d6 4. 0-0 Nc6 5. c4 Bd7 6. Nc3 Qc8 7. Nd5 Nf6 8. Rb1 h5 9. d4 h4 10. Nxh4 Nxd5 11. cxd5 Nxd4 12. Nf3 c5 13. e3 Nxf3+ 14. Qxf3 Be5 15. e4 Bg4 16. Qd3 Bh3 17. Qf3 Bg4 18. Qd3 c4 19. Qe3 b5 20. f4 Bg7 21. e5 Kf8 22. Bd2 Bh3 23. Qf3 Bf5 24. Rbe1 Qc5+ 25. Be3 Qb4 26. Bd4 Rd8 27. a3 Qa5 28. Rd1 Qc7 29. g4 Bd3 30. Rf2 Kg8 31. exd6 Qxd6 32. Be5 Qc5 33. Rc1 Qb6 34. Bxg7 Kxg7 35. f5 gxf5 36. gxf5 Rh6 37. Re1 Qf6 38. Qf4 Kh8 39. Re3 Rg8 40. Kh1 Rh7 41. Rg3 Qxb2 42. Rxb2 Rf8 43. Rf2 f6 44. Qe3 Rd8 45. Qe6 a5 46. Rh3 Rxh3 47. Bxh3 c3 48. Rf4 Bc4 49. Rh4+ Kg7 50. Rg4+ Kh6 51. Qf7 Bxd5+ 52. Kg1 Bxf7 53. Rh4+ Kg7 54. Rg4+ Kf8 55. Rg2 b4 56. axb4 axb4 0-1

[Event "Titled Tuesday intern op 17th Aug"]
[Site "Chess.com INT"]
[Date "2021.08.17"]
[Round "9"]
[White "Nemeth Junior, Henrique"]
[Black "Garcia Garcia, Alejandro"]
[Result "1-0"]
[WhiteElo "2068"]
[BlackElo "2247"]
[PlyCount "87"]
[EventDate "2021.08.17"]
[EventType "swiss (blitz)"]
[EventRounds "11"]
[EventCountry "USA"]
[SourceTitle "EXT 2022"]
[Source "ChessBase"]
[SourceDate "2021.10.06"]
[SourceVersion "1"]
[SourceVersionDate "2021.10.06"]
[SourceQuality "1"]

1. e4 c5 2. Nc3 e6 3. g3 d5 4. exd5 exd5 5. Bg2 Nf6 6. d3 d4 7. Ne4 Nxe4 8. dxe4 g6 9. Ne2 Bg7 10. 0-0 0-0 11. a4 Nc6 12. Bf4 Bg4 13. h3 Be6 14. Qd2 Qd7 15. Kh2 Rfd8 16. Bh6 Bh8 17. Nf4 Bc4 18. Rfe1 Ne5 19. b3 Ba6 20. Nd5 Re8 21. f4 Nc6 22. Bg5 Re6 23. e5 Rae8 24. Bf6 Nb4 25. Bxh8 Nxd5 26. Bxd5 Qxd5 27. Bf6 Qf3 28. Qg2 Qxg2+ 29. Kxg2 b6 30. g4 Rc6 31. f5 c4 32. b4 Bb7 33. Kg3 d3 34. cxd3 cxd3 35. Rad1 Rc3 36. e6 fxe6 37. Bxc3 Rc8 38. Rxd3 exf5 39. gxf5 gxf5 40. Ba1 Be4 41. Rd7 Rc4 42. Rg7+ Kf8 43. Rd1 Rc8 44. Rdd7 1-0

[Event "Titled Tuesday intern op 17th Aug"]
[Site "Chess.com INT"]
[Date "2021.08.17"]
[Round "2"]
[White "Seo, Jung Min"]
[Black "Garcia Garcia, Alejandro"]
[Result "1-0"]
[WhiteElo "2471"]
[BlackElo "2247"]
[PlyCount "87"]
[EventDate "2021.08.17"]
[EventType "swiss (blitz)"]
[EventRounds "11"]
[EventCountry "USA"]
[SourceTitle "EXT 2022"]
[Source "ChessBase"]
[SourceDate "2021.10.06"]
[SourceVersion "1"]
[SourceVersionDate "2021.10.06"]
[SourceQuality "1"]

1. e4 c5 2. Nf3 e6 3. d4 cxd4 4. Nxd4 Nc6 5. Nc3 Nf6 6. Be2 Bb4 7. Qd3 d5 8. exd5 Nxd5 9. Nxc6 bxc6 10. Bd2 Nxc3 11. Qxd8+ Kxd8 12. bxc3 Bc5 13. Bf4 f6 14. Bf3 Bd7 15. Rd1 Ke7 16. 0-0 e5 17. Bc1 Rac8 18. Be2 Be6 19. c4 Rhd8 20. Rd3 Bf5 21. Rg3 g5 22. h4 h6 23. hxg5 hxg5 24. Bd3 e4 25. Re1 Rd4 26. Be3 Rxd3 27. cxd3 Bb4 28. Rb1 a5 29. dxe4 Bxe4 30. Rd1 Bc2 31. Rc1 Be4 32. Rh3 Rd8 33. Rh6 Kf7 34. f3 Bf5 35. Kf2 Kg7 36. Rhh1 Bd2 37. Rcd1 Bxe3+ 38. Kxe3 Rb8 39. Rd2 Rb4 40. Kd4 Be6 41. Rc1 Rb7 42. Kc5 Rc7 43. Rd6 Bd7 44. Kb6 1-0

[Event "Titled Tuesday intern op 29th June"]
[Site "Chess.com INT"]
[Date "2021.06.29"]
[Round "3"]
[White "Garcia Garcia, Alejandro"]
[Black "Zaichenko, Daria"]
[Result "1-0"]
[WhiteElo "2247"]
[BlackElo "2104"]
[PlyCount "57"]
[EventDate "2021.06.29"]
[EventType "swiss (blitz)"]
[EventRounds "11"]
[EventCountry "USA"]
[SourceTitle "CBM 203 Extra"]
[Source "ChessBase"]
[SourceDate "2021.09.30"]
[SourceVersion "1"]
[SourceVersionDate "2021.09.30"]
[SourceQuality "1"]

1. Nf3 Nf6 2. g3 d5 3. Bg2 c5 4. 0-0 Nc6 5. d4 e6 6. c4 Be7 7. Nc3 0-0 8. cxd5 exd5 9. dxc5 Bxc5 10. a3 a5 11. Bg5 Be6 12. Rc1 Ba7 13. Nb5 h6 14. Nxa7 Rxa7 15. Be3 Ra8 16. Nd4 Nxd4 17. Qxd4 Rc8 18. Rxc8 Qxc8 19. Bxh6 Qc2 20. Bf3 Rc8 21. Rc1 Qh7 22. Rxc8+ Bxc8 23. Bg5 Bh3 24. Qd3 Bf5 25. Qe3 Bh3 26. Bg2 Bxg2 27. Kxg2 Ne4 28. f3 Nxg5 29. Qe8# 1-0

[Event "Titled Tuesday intern op 29th June"]
[Site "Chess.com INT"]
[Date "2021.06.29"]
[Round "10"]
[White "Li, Zhaozhi"]
[Black "Garcia Garcia, Alejandro"]
[Result "1-0"]
[WhiteElo "2433"]
[BlackElo "2247"]
[PlyCount "53"]
[EventDate "2021.06.29"]
[EventType "swiss (blitz)"]
[EventRounds "11"]
[EventCountry "USA"]
[SourceTitle "CBM 203 Extra"]
[Source "ChessBase"]
[SourceDate "2021.09.30"]
[SourceVersion "1"]
[SourceVersionDate "2021.09.30"]
[SourceQuality "1"]

1. d4 Nf6 2. Nf3 g6 3. Bf4 Bg7 4. e3 0-0 5. Be2 c5 6. 0-0 cxd4 7. exd4 d6 8. c3 Nc6 9. h3 Nd5 10. Bh2 e5 11. Nbd2 exd4 12. Nc4 Ne5 13. Nxd4 Nxc4 14. Bxc4 Nb6 15. Bb3 Qg5 16. Bxd6 Bxh3 17. Qf3 Bg4 18. Qxb7 Bc8 19. Qf3 Bg4 20. Qb7 Bc8 21. Qc7 Bh3 22. Bg3 Bg4 23. Rfe1 Nd5 24. Qa5 Rfd8 25. Nc6 Rd6 26. Bxd6 Bf3 27. Bg3 1-0

[Event "Titled Tuesday intern op 29th June"]
[Site "Chess.com INT"]
[Date "2021.06.29"]
[Round "1"]
[White "Rodchenkov, Vitaly"]
[Black "Garcia Garcia, Alejandro"]
[Result "1-0"]
[WhiteElo "2330"]
[BlackElo "2247"]
[PlyCount "137"]
[EventDate "2021.06.29"]
[EventType "swiss (blitz)"]
[EventRounds "11"]
[EventCountry "USA"]
[SourceTitle "CBM 203 Extra"]
[Source "ChessBase"]
[SourceDate "2021.09.30"]
[SourceVersion "1"]
[SourceVersionDate "2021.09.30"]
[SourceQuality "1"]

1. e4 c5 2. Nf3 e6 3. d3 Nc6 4. Nbd2 g6 5. g3 Bg7 6. Bg2 Nge7 7. 0-0 0-0 8. Re1 d5 9. e5 Bd7 10. c3 Rc8 11. h4 Nf5 12. Nf1 f6 13. Bf4 fxe5 14. Nxe5 Nxe5 15. Bxe5 Bxe5 16. Rxe5 Qf6 17. Qe2 Rce8 18. Re1 Ne7 19. Nh2 h5 20. Nf3 Nc6 21. Re3 e5 22. Ng5 d4 23. Rf3 Qe7 24. Rxf8+ Qxf8 25. Bd5+ Kg7 26. c4 Bg4 27. Bf3 Bf5 28. Bxc6 bxc6 29. Ne4 Bxe4 30. Qxe4 Qf6 31. b3 Re7 32. Kg2 Rc7 33. Qxe5 Qxe5 34. Rxe5 Kf6 35. Rxc5 Ke6 36. Rg5 Kf6 37. Ra5 Ke6 38. Kf3 Rf7+ 39. Ke2 Kd6 40. Rg5 Rf6 41. b4 a6 42. a4 Kc7 43. Ra5 Kb6 44. Re5 Kc7 45. a5 Kd6 46. Rg5 Re6+ 47. Kd2 Rf6 48. f4 Re6 49. f5 gxf5 50. Rxf5 Re3 51. Rg5 Ke6 52. Rc5 Kd6 53. Rxh5 Rxg3 54. Rg5 Rh3 55. h5 Rh2+ 56. Ke1 Rh3 57. Ke2 Re3+ 58. Kd2 Rh3 59. Rg6+ Kc7 60. h6 Rh2+ 61. Ke1 Rh3 62. Ke2 Rh2+ 63. Kf3 Rh3+ 64. Ke4 Rh4+ 65. Ke5 Kd7 66. Rg7+ Ke8 67. h7 Kf8 68. Rg8+ Kf7 69. h8Q 1-0